| 000 | 01405nam0a2200349 4500 | ||
|---|---|---|---|
| 001 | 6942 | ||
| 003 | http://catalogue.bnf.fr/ark:/12148/cb45189591p | ||
| 010 |
_a979-10-95481-00-3 _bbr. _d10 EUR |
||
| 020 |
_aFR _b01707659 |
||
| 035 | _a13018 | ||
| 090 | _a6942 | ||
| 100 | _a20230924 frey50 | ||
| 101 | 0 | _afre | |
| 102 | _aFR | ||
| 105 | _a||||z 00|a| | ||
| 106 | _ar | ||
| 181 | 0 |
_601 _ai _bxxxe |
|
| 181 |
_602 _ctxt _2rdacontent |
||
| 182 | 0 |
_601 _an |
|
| 182 |
_602 _cn _2rdamedia |
||
| 200 | 1 |
_aL'ennemi intérieur _fMarilyn Mattei _bLIVR |
|
| 210 |
_aParis _b4 bis, cité Véron, 75018 _cThéâtre ouvert _dDL 2016 _e35-Rennes _gImpr. Média graphic |
||
| 215 |
_a1 vol. (127 p.) _d20 cm |
||
| 225 |
_aTapuscrit _v134 |
||
| 410 | 0 |
_034226913 _tTapuscrit (Paris. 1978) _x0183-8229 _v134 _v134 |
|
| 686 |
_a802 _2Classif. BNF |
||
| 700 |
_aMattei _bMarilyn _f1985-.... _317081801 _4070 _6Auteur |
||
| 801 | 0 |
_aFR _bFR-751131015 _c20170110 _gAFNOR _hFRBNF451895910000008 |
|
| 930 |
_5FR-751131010:45189591001001 _a2017-6391 _b759999999 _cTolbiac - Rez de Jardin - Littérature et art - Magasin _dO |
||
| 930 |
_5FR-751041001:45189591002001 _a8-Y-18774 _b759999999 _cRichelieu - Arts du spectacle - Magasin _dN |
||
| 930 |
_5FR-751071001:45189591003001 _aT MATTE E _b759999999 _cMaison Jean Vilar - Libre accès _dN |
||
| 323 | _a5 personnages | ||